000
00304 a2200145 4500
001
194889
040
_c
Magnum
100
_a
RUIZ, Tulipa
240
1
0
_a
A menina das estrelas
_l
por
245
1
0
_a
A menina das estrelas
300
_a
22
362
0
_a
2017
697
_a
LITERATURA INFANTIL
942
_c
BK
999
_c
194889
_d
194889